000 00448nam a2200157Ia 4500
008 210210b1972 xxu||||| |||| 00| 0 eng d
020 _a0 333 02615 2
082 _a820.9 DYSJ
100 _aDYSON (A E), Ed.
245 _aJonson Volpone:casebooks ed by Jonas A Barish.
260 _aLondon
_bMacmillan Press Ltd
_c1972
300 _a255
650 _aJonson Volpone critical Essays Case Books
690 _aEnglish Criticism
906 _a056030
999 _c103472
_d103472